000 00242nam a2200097Ia 4500
008 230508s2006 xx 000 0 und d
041 _aeng
100 _aSEDHA R S
245 _aA TEXTBOOK OF APPLIED ELECTRONICS
260 _bS CHAND
_c2006
_g2006
999 _c323278
_d323278